|
|
|
|
| LEADER |
00000nam a22000007a 4500 |
| 005 |
20220720001227.0 |
| 007 |
cr|||| |||| |
| 008 |
220720s2018 br |||||s|||| 00||0 por d |
| 020 |
|
|
|a 978-85-93741-19-7
|
| 035 |
|
|
|a 36740
|
| 040 |
|
|
|a vLex
|
| 090 |
|
|
|c 13604
|d 13604
|
| 100 |
1 |
|
|a Lobo Torres, Ricardo
|
| 245 |
1 |
0 |
|a Curso de direito financeiro e tributr̀io
|h [Recurso electrn̤ico] :
|b 20® ediȯ̂ Revista e atualizada at ̌a EC 95/16 e de acordo com o NCPC /
|c Ricardo Lobo Torres
|
| 250 |
|
|
|a 20ma. Edicin̤
|
| 256 |
|
|
|a Servicio en ln̕ea
|
| 260 |
|
|
|a Rio de Janeiro:
|b Editora Processo,
|c 2018
|
| 300 |
|
|
|a 1 recurso electrn̤ico
|
| 500 |
|
|
|a Este livro tem finalidade didt̀ica. Destina-se precipuamente aos alunos dos cursos de bacharelado em Direito. Por isso mesmo foi escrito em linguagem direta, sem notas de rodap ̌e com o mn̕imo de citaė̳s no texto, deixando-se para as notas complementares a cada capt̕ulo a indicaȯ̂ da bibliografia pertinente e as efern̊cias ao direito positivo e ̉jurisprudn̊cia. Seguiu-se aproximadamente o programa adotado na Faculdade de Direito da Universidade do Estado do Rio de Janeiro – UERJ, elaborado de inc̕io por Amilcar de Araj︢o Falcô, primeiro professor titular da cadeira de Direito Financeiro, que coincide em sua quase totalidade com os programas de outras faculdades brasileiras.
|
| 506 |
1 |
|
|a Disponible solo en los productos indicados
|d vLex Global
|d vLex Global (Academic Edition, excluding Law Schools)
|d vLex Global (U.S. Academic Edition, Law Schools)
|d vLex Global (U.S. Academic Edition, excluding Law Schools)
|d vLex Global (Academic Edition, Law Schools)
|
| 650 |
0 |
4 |
|a Derecho Tributario
|z Brasil
|
| 650 |
0 |
4 |
|a Financiero
|z Brasil
|
| 740 |
0 |
|
|a vLex Libros (Servicio en ln̕ea)
|
| 856 |
4 |
0 |
|u https://app.vlex.com/#/sources/36740
|z Acceso restringido
|
| 942 |
|
|
|c BOOK
|
| 999 |
0 |
|
|a Tax Law
|
| 999 |
0 |
|
|a Financial
|